Non-real eigenvalues of symmetric Sturm–Liouville problems with indefinite weight functions

Elmentve itt :
Bibliográfiai részletek
Szerzők: Bing Xie
Huaqing Sun
Xinwei GuoB
Webb Jeffrey R. L.
Dokumentumtípus: Folyóirat
Megjelent: 2017
Sorozat:Electronic journal of qualitative theory of differential equations
Kulcsszavak:Sturm-Liouville probléma
Online Access:http://acta.bibl.u-szeged.hu/47682
LEADER 00788nas a2200217 i 4500
001 acta47682
005 20260224081030.0
008 170619s2017 hu o 000 hun d
022 |a 1417-3875 
040 |a SZTE Egyetemi Kiadványok Repozitórium  |b hun 
041 |a hun 
100 1 |a Bing Xie 
245 1 0 |a Non-real eigenvalues of symmetric Sturm–Liouville problems with indefinite weight functions  |h [elektronikus dokumentum] /  |c  Bing Xie 
260 |c 2017 
300 |a 1-14 
490 0 |a Electronic journal of qualitative theory of differential equations 
695 |a Sturm-Liouville probléma 
700 0 1 |a Huaqing Sun  |e aut 
700 0 1 |a Xinwei GuoB  |e aut 
700 0 1 |a Webb Jeffrey R. L.  |e aut 
856 4 0 |u http://acta.bibl.u-szeged.hu/47682/1/ejqtde_2017_018_001-014.pdf  |z Dokumentum-elérés